Harry Potter Character Mentions Per Book Quiz Stats

 Plays Quiz Updated Nov 4, 2017

Challenge
Share
Tweet
Embed
Score 0/30 Timer 06:00
12 Plays Today
Character Book % Correct
Gilderoy Lockhart???
92%
Viktor Krum???
88.1%
Quirinus Quirrell???
86.7%
Barty Crouch Sr.???
85.4%
Vernon Dursley???
81.9%
Madame Maxime???
79.7%
Horace Slughorn???
77%
Beedle the Bard???
76.6%
Colin Creevey???
76.1%
Bathilda Bagshot???
73.3%
Grindelwald???
73%
Luna Lovegood???
72.5%
Crookshanks???
71.9%
Norbert???
70.6%
Griphook???
67.6%
Character Book % Correct
Stan Shunpike???
67.1%
Marvolo Gaunt???
64.4%
Justin Finch-Fletchley???
58.9%
Nymphadora Tonks???
57.5%
Winky???
56.4%
Elphias Doge???
52.4%
Firenze???
51%
Albus Dumbledore???
50.2%
Draco Malfoy???
48.2%
The Prime Minister???
46.1%
Harry Potter???
44.4%
Cornelius Fudge???
42.7%
Zacharias Smith???
41.6%
Bertha Jorkins???
36.7%
Nearly Headless Nick???
34.4%

You're not logged in!

Compare scores with friends on all Sporcle quizzes.
OR
Log In

You Might Also Like...

Show Comments

Extras

Top Quizzes Today


Score Distribution

Your Account Isn't Verified!

In order to create a playlist on Sporcle, you need to verify the email address you used during registration. Go to your Sporcle Settings to finish the process.

Report this User

Report this user for behavior that violates our Community Guidelines.

Details: